Controlling nákladov v podniku diplomová práca
Gespeichert in:
| 1. Verfasser: | |
|---|---|
| Körperschaft: | |
| Weitere Verfasser: | |
| Format: | Buch |
| Sprache: | Slowakisch |
| Veröffentlicht: |
Bratislava
2010
|
| Tags: |
Keine Tags, Fügen Sie das erste Tag hinzu!
|
MARC
| LEADER | 00000nam a2200000 4500 | ||
|---|---|---|---|
| 001 | 0122511 | ||
| 005 | 20240318121908.9 | ||
| 041 | 0 | |a slo | |
| 044 | |a SK | ||
| 245 | 1 | 0 | |a Controlling nákladov v podniku |b diplomová práca |c Gabriel Galvánek ; škol. Pavol Serina |
| 264 | 1 | |a Bratislava |c 2010 | |
| 100 | 1 | |a Galvánek, Gabriel | |
| 700 | 1 | |a Serina, Pavol | |
| 710 | 2 | |a Ekonomická univerzita v Bratislave. Fakulta podnikového manažmentu | |